000
00294nam a22001217a 4500
008
171218b xxu||||| |||| 00| 0 eng d
041
_a
eng
080
_a
338
100
_a
53
101
_a
MEN
245
_a
BUILDING AN INSTITUTONAL COMMITMENT TO PAIN MANAGEMENT
_c
GORDON,D.B
942
_2
udc
_c
BK
999
_c
39088
_d
39088